000 00384nam a2200145Ia 4500
008 151213s9999 xx 000 0 und d
100 _aAnn Leonard
245 _aSeeds 2: Supporting womens work around the world
_cAnn Leonard
260 _aNew yeork
_bFeminist
_c1995
300 _a2056 p.
650 _aManagement
650 _aManagement
700 _aAnn Leonard
999 _c1510
_d1510